[Event "NRW-ch U14"]
[Site "Kranenburg"]
[Date "2009.04.14"]
[Round "3"]
[White "Brune, Jonas"]
[Black "Titgemeyer, Sven"]
[Result "0-1"]
[WhiteElo "1641"]
[BlackElo "1935"]
[PlyCount "70"]
[EventDate "2009.04.13"]
[EventType "swiss"]
[EventRounds "7"]
[EventCountry "GER"]
[SourceTitle "EXT 2010"]
[Source "ChessBase"]
[SourceDate "2010.11.25"]
[SourceVersion "1"]
[SourceVersionDate "2010.11.25"]
[SourceQuality "1"]

1. d4 d5 2. c4 e6 3. e3 c5 4. cxd5 exd5 5. Nf3 Nc6 6. Nc3 Nf6 7. Be2 Be7 8. 0-0 0-0 9. b3 Be6 10. Bb2 Rc8 11. Rc1 cxd4 12. Nxd4 Qd7 13. Bf3 Ne5 14. Qe2 Nxf3+ 15. Nxf3 Bg4 16. Rfe1 a6 17. Ne5 Qf5 18. Nxg4 Nxg4 19. Nxd5 Bd6 20. h3 Ne5 21. e4 Qe6 22. f4 Nc6 23. f5 Qh6 24. Rcd1 Bc5+ 25. Kh1 Rfe8 26. Qg4 Ne5 27. Bxe5 Rxe5 28. f6 Rce8 29. fxg7 Qe6 30. Qf4 Rc8 31. Qg3 h6 32. Rf1 Rg5 33. Qc3 Bd6 34. Nf6+ Kxg7 35. Nd7+ Rxc3 0-1

[Event "NRW-ch U12"]
[Site "Kranenburg"]
[Date "2007.04.12"]
[Round "5"]
[White "Brune, Jonas"]
[Black "Eigemann, Frederik"]
[Result "1/2-1/2"]
[WhiteElo "1060"]
[BlackElo "1496"]
[PlyCount "83"]
[EventDate "2007.04.09"]
[EventType "swiss"]
[EventRounds "7"]
[EventCountry "GER"]
[SourceTitle "EXT 2008"]
[Source "ChessBase"]
[SourceDate "2007.11.25"]
[SourceVersion "1"]
[SourceVersionDate "2007.11.25"]
[SourceQuality "1"]

1. d4 e6 2. e3 d5 3. c4 Nf6 4. Nc3 c6 5. Nf3 Nbd7 6. b3 Bb4 7. Bb2 Qa5 8. Qc2 Ne4 9. Rc1 Ndf6 10. Bd3 Nxc3 11. Bxc3 0-0 12. 0-0 Bxc3 13. Qxc3 Qxc3 14. Rxc3 h6 15. Re1 Rd8 16. c5 Re8 17. b4 Nd7 18. a3 e5 19. Bb1 exd4 20. exd4 Rxe1+ 21. Nxe1 Nf6 22. Re3 Be6 23. Nf3 Ng4 24. Re1 Kf8 25. h3 Nf6 26. Kh2 Re8 27. Ne5 Nd7 28. Nxd7+ Bxd7 29. Rxe8+ Kxe8 30. g4 Ke7 31. f4 f6 32. Kg3 g5 33. f5 Kd8 34. Bd3 Kc7 35. Kf3 Bc8 36. Kg3 Bd7 37. Kf3 Be8 38. Kg3 Bd7 39. Be2 Bc8 40. Bd3 b6 41. Kf2 bxc5 42. bxc5 1/2-1/2